| 000 | 00501nam a2200133Ia 4500 | ||
|---|---|---|---|
| 008 | 170221s9999 xx 000 0 und d | ||
| 100 | _aJames B. Bexley | ||
| 245 | _aCustomer perceptions and preferences of financial institutions | ||
| 245 | _cJames B. Bexley, Sam Houston State University; Steve A. Nenninger, Sam Houston State University. | ||
| 260 | _bJournal of Management and Marketing Research | ||
| 260 | _c2014 | ||
| 650 | _xBusiness | ||
| 856 | _uhttp://www.aabri.com/manuscripts/131761.pdf | ||
| 999 |
_c309425 _d309425 |
||